000 00422cam a22001337a 4500
008 180718b1960 xxu||||| |||| 00| 0 eng d
082 _aA6x548 W93
100 _aWriggins, W. Howard
245 _aCeylon: dilemmas of a new nation
_cby W. Howard Wriggins
260 _aPrinceton
_bPrinceton University
_c1960
300 _axiii,505p.
650 _aSri Lanka --Economic policy.
650 _aSri Lanka --Politics and government
999 _c412712
_d412712